[Event "Frankfurt Ch 2008"]
[Site "Ffm-Kalbach, LAZ"]
[Date "2008.05.19"]
[Round "3.62"]
[White "Fischer, Ulrich"]
[Black "Knott, Tilo"]
[Result "1-0"]
[WhiteElo "1256"]
[BlackElo "1510"]
[PlyCount "111"]
[EventDate "2008.??.??"]

1. e4 d5 2. exd5 Qxd5 3. Nc3 Qa5 4. d4 c6 5. Bd2 Qc7 6. Bc4 Nf6 7. Qe2 Bf5 8.
O-O-O Nbd7 9. Nf3 Bg4 10. h3 Bh5 11. g4 Bg6 12. Nh4 e6 13. Nxg6 hxg6 14. g5 Nh5
15. d5 O-O-O 16. dxc6 Qxc6 17. Nb5 Bc5 18. Be3 Qe4 19. Bxc5 Qxe2 20. Bxe2 Nxc5
21. Nd6+ Kc7 22. Nxf7 Rxd1+ 23. Rxd1 Rf8 24. Bxh5 gxh5 25. g6 Ne4 26. Rd4 Nf6
27. Kd2 Re8 28. Rc4+ Kd7 29. Ra4 a6 30. Rb4 b5 31. Rd4+ Ke7 32. f3 Nd7 33. Rd6
Nf8 34. Rxa6 Nxg6 35. Ng5 Kf6 36. Ne4+ Ke5 37. Rb6 Rd8+ 38. Ke3 Rd5 39. Nc3 Rc5
40. Rxb5 Rxb5 41. Nxb5 Ne7 42. a4 Nd5+ 43. Kd3 Kf4 44. c4 Nb4+ 45. Kc3 Nc6 46.
b4 Kxf3 47. Nd4+ Nxd4 48. Kxd4 Kf4 49. b5 e5+ 50. Kd3 Kf3 51. b6 e4+ 52. Kc2
Kf2 53. b7 e3 54. b8=Q e2 55. Qf4+ Kg1 56. Qe3+ 1-0

[Event "Frankfurt Ch 2008"]
[Site "Ffm-Kalbach, LAZ"]
[Date "2008.05.19"]
[Round "3.63"]
[White "Mühlbach, Christian"]
[Black "Richter, Edgar"]
[Result "1-0"]
[WhiteElo "1474"]
[BlackElo "1246"]
[PlyCount "75"]
[EventDate "2008.??.??"]

1. e4 e6 2. d4 d5 3. e5 Nd7 4. Nf3 c5 5. c3 cxd4 6. cxd4 Bb4+ 7. Nc3 Ne7 8. Bd3
f5 9. O-O O-O 10. Qc2 Nc6 11. a3 Ba5 12. Be3 a6 13. Ne2 Ne7 14. Nf4 Nb8 15. Ng5
Qe8 16. Ngxe6 Bxe6 17. Nxe6 Rf7 18. Rac1 h6 19. Nf4 Nbc6 20. Qb3 b5 21. Nxd5
Nxd5 22. Qxd5 Rc8 23. Bxf5 Ne7 24. Rxc8 Nxc8 25. Be6 Ne7 26. Bxf7+ Qxf7 27.
Qa8+ Kh7 28. Qxa6 Bc7 29. Qxb5 Nd5 30. Qd3+ Kg8 31. b4 Qd7 32. Qb3 Kh8 33. Rc1
Bd8 34. b5 Nxe3 35. fxe3 Bg5 36. b6 Qb7 37. d5 Qxb6 38. Qxb6 1-0

[Event "Frankfurt Ch 2008"]
[Site "Ffm-Kalbach, LAZ"]
[Date "2008.05.19"]
[Round "3.64"]
[White "Krüger, Jens"]
[Black "Liebert, Monika"]
[Result "1/2-1/2"]
[WhiteElo "1451"]
[BlackElo "1042"]
[PlyCount "71"]
[EventDate "2008.??.??"]

1. e4 e5 2. Nf3 Nc6 3. Bc4 h6 4. O-O Nf6 5. Qe2 Bc5 6. c3 a6 7. b4 Ba7 8. a3
O-O 9. Bb2 d6 10. d4 b5 11. Bb3 Bb7 12. Nbd2 Nd7 13. dxe5 Ncxe5 14. c4 c6 15.
Nxe5 Nxe5 16. Kh1 Kh8 17. f4 Ng6 18. Rf3 Qe7 19. Rh3 Kh7 20. Rf1 Bc8 21. Rh5
Bd7 22. h3 Rae8 23. g4 f6 24. g5 fxg5 25. fxg5 Rxf1+ 26. Qxf1 Rf8 27. Qe1 Nf4
28. g6+ Nxg6 29. Bc2 Nf4 30. e5+ g6 31. Qg3 Qe6 32. Ne4 Nxh5 33. Nf6+ Nxf6 34.
Qxg6+ Kh8 35. Qxh6+ Kg8 36. Qg6+ 1/2-1/2

[Event "Frankfurt Ch 2008"]
[Site "Ffm-Kalbach, LAZ"]
[Date "2008.05.19"]
[Round "3.65"]
[White "Truxa, Barbara"]
[Black "Castillo, Melchor"]
[Result "0-1"]
[WhiteElo "1248"]
[BlackElo "1439"]
[PlyCount "70"]
[EventDate "2008.??.??"]

1. d4 e6 2. c4 Nf6 3. Nc3 Bb4 4. Bd2 c6 5. Nf3 O-O 6. Qc2 d6 7. e3 Nbd7 8. a3
Ba5 9. b4 Bc7 10. Bd3 Re8 11. O-O Nf8 12. Rad1 Bd7 13. Bc1 Rc8 14. c5 Ng4 15.
h3 Nh6 16. e4 Ng6 17. Bxh6 gxh6 18. Ne2 Qe7 19. cxd6 Bxd6 20. e5 Bb8 21. Qd2
Qf8 22. h4 Kh8 23. h5 Ne7 24. g4 Qg7 25. g5 Nd5 26. Kh2 f6 27. gxf6 Qxf6 28.
Kh1 Qxf3+ 29. Kh2 Qxh5+ 30. Kg2 Rg8+ 31. Ng3 Qg4 32. Rg1 Nf4+ 33. Qxf4 Qxf4 34.
Rde1 Rcf8 35. Re2 Qf3+ 0-1

[Event "Frankfurt Ch 2008"]
[Site "Ffm-Kalbach, LAZ"]
[Date "2008.05.19"]
[Round "3.67"]
[White "Krüger, Manfred"]
[Black "Will, Karsten"]
[Result "1-0"]
[WhiteElo "1690"]
[BlackElo "1429"]
[PlyCount "77"]
[EventDate "2008.??.??"]

1. e4 e5 2. Nf3 Nc6 3. Bc4 Bc5 4. O-O Nf6 5. Nc3 d6 6. h3 O-O 7. Re1 Re8 8. Na4
a6 9. Nxc5 dxc5 10. Ng5 Re7 11. a3 b5 12. Ba2 h6 13. Nf3 Bb7 14. d3 Qd6 15. Nh4
Qd7 16. Re3 Rd8 17. b3 Nb8 18. Bb2 Nxe4 19. Qe2 Nf6 20. Rxe5 Rde8 21. Rxe7 Rxe7
22. Qd1 Qd5 23. Bxf6 gxf6 24. Qg4+ Qg5 25. Nf5 Re5 26. Nxh6+ Kg7 27. Qxg5+ fxg5
28. Ng4 Re2 29. Ne3 Nc6 30. Kf1 Rxe3 31. fxe3 Ne5 32. b4 cxb4 33. axb4 Ng6 34.
g3 Bc8 35. Kg2 Bb7+ 36. e4 f5 37. Rf1 fxe4 38. Rf7+ Kh6 39. Rxc7 1-0